上海4号线地铁站 - Statistics

General Stats
  • This quiz has been taken 346 times
  • The average score is 22 of 26
Answer Stats
4号线地铁站 % Correct
上海火车站
96%
世纪大道
95%
中山公园
92%
宜山路
92%
上海体育馆
89%
向城路
89%
宝山路
87%
上海体育场
87%
曹杨路
86%
虹桥路
86%
海伦路
85%
金沙江路
84%
镇坪路
83%
浦东大道
82%
大木桥路
81%
南浦大桥
81%
大连路
80%
延安西路
80%
中潭路
79%
鲁班路
79%
西藏南路
79%
塘桥
79%
蓝村路
79%
杨树浦路
74%
临平路
73%
东安路
66%
No matching quizzes found
Score Distribution
Percent of People with Each Score
Percentile by Number Answered
Your Score History
You have not taken this quiz